Gertrud Fussenegger

Podrobná bibliografia
Hlavný autor: Serrer, Michael (Autor)
Médium: Kniha
Jazyk:nemčina
Fyzický popis:29 s. 22 cm 1 mg. kazeta
Vydavateľské údaje: Köln Wissenschaft und Politik c1993
ISBN:3804687970
Edícia:Deutsche Autoren aus dem östlichen Europa
Predmet:

MARC

LEADER 00000nam a2200000 a 4500
001 vtls001366488
003 SK-MaSNL
005 20260301070803.0
008 251113s1993 DE bcm r y 0 ger
020 |a 3804687970  |c c1993 
035 |a SNK000320167 
040 |a SNK  |b slo  |c SNK  |e AACR2 
044 |a DE 
080 |a 929 Fussenegger, G.  |2 1981 
080 |a 882(091) Fussenegger, G.  |2 1981 
100 1 |a Serrer, Michael  |4 aut  |9 387560 
245 1 |a Gertrud Fussenegger  |c Michael Serrer 
260 |a Köln  |b Wissenschaft und Politik  |c c1993 
300 |e 29 s.  |c 22 cm  |e 1 mg. kazeta 
490 1 |a Deutsche Autoren aus dem östlichen Europa 
600 1 |a Fussenegger, Gertrud,  |d 1912-2009  |2 SNK  |9 160441 
655 7 |a biografie  |2 SNK  |9 27965 
830 0 |a Deutsche Autoren aus dem östlichen Europa  |9 387561 
919 |a 3-8046-8797-0 
999 |c 635482  |d 637412 
952 |t P60, <04>, [BOOK], {604}  |a SNK  |b SNK  |y VYP  |7 0  |p 17A0197295  |o snkIC 127868  |i snkV 773/99  |0 0  |1 0  |4 0  |d 1999-06-23  |l 0  |r 2005-01-02 00:00:00  |w 2026-02-23 
952 |t P60, <04>, [BOOK], {604}  |a SNK  |b SNK  |y VYP  |7 0  |p 17A0197288  |o snkIC 127868/pril.  |i snkV 773/99  |0 0  |1 0  |4 0  |d 1999-06-23  |l 0  |r 2005-01-02 00:00:00  |w 2026-02-23